Statistics for Music Videos by Description

Click here to take the quiz!

General Stats

  • This quiz has been taken 47 times
  • The average score is 11 of 30

Answer Stats

Description Artist & Song % Correct
Dancing zombies frighten a teenage girlThriller
82%
Dancing zombies frighten a teenage girlMichael Jackson
77%
Naked woman swings on a building demolition deviceWrecking Ball
77%
Korean guy rides an invisible horsePsy
73%
Naked woman swings on a building demolition deviceMiley Cyrus
73%
Korean guy rides an invisible horseGangnam Style
70%
Grunge dudes entertain us in a school gymnasiumNirvana
48%
Grunge dudes entertain us in a school gymnasiumSmells Like Teen Spirit
48%
Pencil sketched motorcycle racer tries to escape crazy mechanicsTake On Me
39%
Three beautiful ladies in leotards pop and lock in black and whiteSingle Ladies (Put a Ring on it)
39%
Three beautiful ladies in leotards pop and lock in black and whiteBeyonce
39%
Two guys shake it like a polaroid picture on a variety showHey Ya
39%
A guy raps atop giant buttocksBaby Got Back
39%
Scantily clad schoolgirl dances in various locations in her schoolBrittney Spears
39%
A guy raps atop giant buttocksSir Mix-a-lot
39%
Rapper gets jiggy with an alienWill Smith
36%
Pencil sketched motorcycle racer tries to escape crazy mechanicsa-Ha
36%
Two guys shake it like a polaroid picture on a variety showOutkast
32%
Two boxy animated delivery guys move refrigerators and color TVsMoney for Nothing
30%
Scantily clad schoolgirl dances in various locations in her schoolOne More Time
27%
Three naked guys run around townBlink 182
27%
Two boxy animated delivery guys move refrigerators and color TVsDire Straits
27%
Rapper gets jiggy with an alienMen in Black
20%
Four guys dance on treadmillsOK Go
18%
Old man somberly plays the piano surrounded by reminders of his earlier careerHurt
14%
Old man somberly plays the piano surrounded by reminders of his earlier careerJohnny Cash
14%
Guy with a top hat dances in a room with a moving floorVirtual Insanity
9%
Guy with a top hat dances in a room with a moving floorJamiroquai
9%
Three naked guys run around townWhat's My Age Again
9%
Four guys dance on treadmillsHere It Goes Again
9%

Score Distribution

Percentile by Number Answered

Percent of People with Each Score

Your Score History

You have not taken this quiz